Soon You'll Get Better - Taylor Swift (All Lyrics) - Statistics

General Stats
  • This quiz has been taken 170 times
  • The average score is 216 of 247
Answer Stats
Lyrics % Correct
to
100%
to?
100%
you
100%
You
100%
you?
100%
a
99%
better
99%
get
99%
so
99%
Soon,
99%
soon
99%
you'll
99%
You'll
99%
have
98%
I
98%
The
98%
the
98%
'Cause
97%
do
96%
am
95%
If
95%
if
95%
What
95%
there
93%
who
93%
And
92%
and
92%
it
92%
it,
92%
no
92%
talk
92%
But
91%
ah
90%
supposed
90%
there's
90%
this
90%
This
90%
all
89%
me
89%
Ooh
87%
was
87%
make
86%
about
85%
in
85%
In
85%
of
85%
go
84%
we
84%
my
82%
say
82%
That
81%
that
81%
too
81%
ever
80%
were
80%
hate
79%
back
77%
didn't
77%
pray
77%
scared
77%
night,
76%
tell
76%
time
76%
won't
76%
doctor's
75%
first
75%
office
75%
best
74%
normal,
74%
bottles,
73%
I'll
73%
Jesus
73%
like
73%
when
73%
just
71%
now
71%
orange
71%
buttons
70%
not
70%
bad
69%
each
69%
It's
69%
up
69%
coat
68%
deal
68%
Holy
68%
isn't
68%
see
68%
hair
67%
know
67%
nicer
67%
because
66%
nurses,
66%
paint
66%
people
66%
pretend
66%
Desperate
65%
find
65%
lighting,
65%
tangled
65%
try
65%
been
64%
never
64%
real
64%
faith,
63%
neon,
63%
saying
62%
keep
60%
kitchen
60%
mirror
60%
sky
60%
years
60%
day
59%
brighten
58%
hoping
58%
delusion
52%
No matching quizzes found
Score Distribution
Percent of People with Each Score
Percentile by Number Answered
Your Score History
You have not taken this quiz